Primetime Emmy Award for Outstanding Supporting Actor in a Comedy Series - Statistics

General Stats
  • This quiz has been taken 187 times
  • The average score is 21 of 61
Answer Stats
Year Actor % Correct
1989 Woody Harrelson
60%
1997 Michael Richards
58%
1994 Michael Richards
58%
1993 Michael Richards
58%
2004 David Hyde Pierce
56%
1999 David Hyde Pierce
56%
1998 David Hyde Pierce
56%
1995 David Hyde Pierce
56%
1978 Rob Reiner
56%
1974 Rob Reiner
56%
2000 Sean Hayes
56%
1975 Ed Asner
52%
1972 Ed Asner
52%
1971 Ed Asner
52%
2005 Brad Garrett
48%
2003 Brad Garrett
48%
2002 Brad Garrett
48%
1981 Danny DeVito
48%
1958 Carl Reiner
44%
1957 Carl Reiner
44%
1976 Ted Knight
44%
1973 Ted Knight
44%
2014 Ty Burrell
42%
2011 Ty Burrell
42%
2012 Eric Stonestreet
40%
2010 Eric Stonestreet
40%
1967 Don Knotts
36%
1966 Don Knotts
36%
1963 Don Knotts
36%
1962 Don Knotts
36%
1961 Don Knotts
36%
1980 Harry Morgan
36%
1956 Art Carney
30%
1955 Art Carney
30%
1954 Art Carney
30%
1977 Gary Burghoff
30%
1988 John Larroquette
30%
1987 John Larroquette
30%
1986 John Larroquette
30%
1985 John Larroquette
30%
2015 Tony Hale
30%
2013 Tony Hale
30%
1983 Christopher Lloyd
28%
1982 Christopher Lloyd
28%
2009 Jon Cryer
24%
2016 Louie Anderson
24%
1992 Michael Jeter
18%
1979 Robert Guillaume
16%
2008 Jeremy Piven
14%
2007 Jeremy Piven
14%
2006 Jeremy Piven
14%
1991 Jonathan Winters
14%
1996 Rip Torn
14%
1990 Alex Rocco
12%
2001 Peter MacNicol
12%
1959 Tom Poston
12%
1984 Pat Harrington Jr.
10%
1969 Werner Klemperer
10%
1968 Werner Klemperer
10%
1970 Michael Constantine
8%
1964 Albert Paulsen
4%
No matching quizzes found
Score Distribution
Percent of People with Each Score
Percentile by Number Answered
Your Score History
You have not taken this quiz